00000000cam 2200000zi 4500
0019.960578
003CaOODSP
00520260515144745
006m     o  d f      
007cr cn ||||||||
008260304e202604  oncd    ob   f000 0 fre d
020 |a9780660987736
040 |aCaOODSP|bfre|erda|cCaOODSP
043 |an-cn---
0861 |aFs70-6/2026-013F-PDF
24500|aÉvaluation des stocks de harengs de l'Atlantique (Clupea harengus) du nord-est du golfe du Saint-Laurent (4RSw) en 2024.
24637|aÉvaluation des stocks de harengs de l’Atlantique 4RSw en 2024
264 1|aOttawa : |bSecrétariat canadien de consultation scientifique, |cavril 2026.
264 4|c©2026
300 |a1 ressource en ligne (11 pages) : |bgraphiques.
336 |atexte|btxt|2rdacontent/fre
337 |ainformatique|bc|2rdamedia/fre
338 |aressource en ligne|bcr|2rdacarrier/fre
4901 |aAvis scientifique, |x1919-5117 ; |v2026/013
500 |aPublié aussi en anglais sous le titre : Northeastern Gulf of St. Lawrence (4RSw) Atlantic herring (Clupea harengus) stock assessment in 2024.
504 |aComprend des références bibliographiques (pages 10-11).
650 6|aHareng|zSaint-Laurent, Golfe du.
650 6|aHareng|xPêche commerciale|zSaint-Laurent, Golfe du.
650 6|aRessources halieutiques|xÉvaluation|zSaint-Laurent, Golfe du.
7102 |aSecrétariat canadien de consultation scientifique, |eorganisme de publication.
7101 |aCanada. |bMinistère des pêches et des océans. |bRégion du Québec, |eorganisme de publication.
77508|tNortheastern Gulf of St. Lawrence (4RSw) Atlantic herring (Clupea harengus) stock assessment in 2024.|w(CaOODSP)9.960579
830#0|aAvis scientifique (Secrétariat canadien de consultation scientifique)|v2026/013.|w(CaOODSP)9.502624
85640|qPDF|s542 Ko|uhttps://publications.gc.ca/collections/collection_2026/mpo-dfo/fs70-6/Fs70-6-2026-013-fra.pdf